000 00805nam a22002177a 4500
005 20100724111018.0
010 _aENG-96551
020 _a9780198062493
_c250.00
020 _a0198062494
_c200.00
035 _aEN-80084
037 _bDBAD/PUB
082 _a863.1
245 _aThe selected poems of buddhadeva bose /
_ctranslated by Ketaki Kushari Dyson
260 _aNew Delhi
_bOxford University Press
_c2009
270 _aYMCA Library Building, Jai Singh Road, New Delhi-110001
_bNew Delhi
300 _alxxxv, 206p.
_c22cm (pbk)
500 _aIncludes bibliography
700 _aDyson, Ketaki Kushari
_91158
942 _2ddc
_cEN
_mSEL
_h863.1
999 _c37493
_d37493